00605nam a2200169Ia 450000500170000000800410001702000150005808200130007324500540008626000360014030000190017650001310019570000200032670000220034670000360036870000310040420240827054308.0240331s9999 xx 000 0 und d a8185107432 bINNa800 0aInner Spaces :bnew writings by women from Kerala aNew DelhibKali for womenc1994 axvii, 125 p ., aThis rich and varied selection of stories provides a taste of women's writing in kerala from the thirties to the present day.  aGeorge M.Keedt aJames, Jancyeedt aSankaranarayanan, Vasanthieedt aMahadevan, Raj Kaminieedt